Normal view
MARC view
Entry Personal Name
001 - CONTROL NUMBER
- control field: 19519
003 - CONTROL NUMBER IDENTIFIER
- control field: OSt
005 - DATE AND TIME OF LATEST TRANSACTION
- control field: 20260311211728.0
008 - FIXED-LENGTH DATA ELEMENTS
- fixed length control field: 260311|| aca||aabn | a|a d
040 ## - CATALOGING SOURCE
- Original cataloging agency: OSt
- Transcribing agency: OSt
100 ## - HEADING--PERSONAL NAME
- Personal name: Pacho, Ryan R., author
670 ## - SOURCE DATA FOUND
- Source citation: Work cat.: (OSt)4925: Pacho, Ryan R., author., Three-in-one drafting tool :, 2003
